[Event "Keres Mem Rapid Women"]
[Site "Tallinn EST"]
[Date "2001.01.06"]
[Round "1"]
[White "Cmilyte,V"]
[Black "Budylina,S"]
[Result "0-1"]
[WhiteElo "2335"]
[BlackElo "2076"]

1.d4 d5 2.c4 e6 3.Nf3 Nf6 4.Nc3 c6 5.e3 Be7 6.Qc2 O-O 7.Bd2 Nbd7 8.O-O-O a5
9.h3 b6 10.Ne5 Qc7 11.f4 Ba6 12.g4 Rfc8 13.g5 Ne8 14.Bd3 g6 15.h4 Nxe5 16.fxe5 Ng7
17.Ne2 Bxc4 18.Bxc4 dxc4 19.Qxc4 c5 20.Kb1 cxd4 21.Qxc7 Rxc7 22.exd4 Nf5
23.h5 Kg7 24.Rh2 Rc4 25.hxg6 fxg6 26.b3 Rc6 27.Bc1 b5 28.Nf4 Rac8 29.d5 exd5
30.Nxd5 Re6 31.Nf4 Rec6 32.Bb2 Bxg5 33.Rd7+ Kg8 34.Rhxh7 Bxf4 35.e6 Rc1+
36.Bxc1 Rxc1+ 37.Kb2 Re1 38.Ra7 Rxe6 39.Rhd7 Re8 40.Rxa5 b4 41.Ra6 Re2+ 42.Kb1 Re1+
43.Kc2 Rc1+ 44.Kb2 Rc8 45.Rxg6+ Kh8 46.a4 Be5+ 47.Kb1 Nd4 48.Rg5 Bf6 49.Rh5+ Kg8
50.Rh3 Ne2 51.a5 Rc1+ 52.Ka2 Ra1+  0-1

[Event "Troll Masters"]
[Site "Gausdal NOR"]
[Date "2001.01.07"]
[Round "3"]
[White "Johannessen,LE"]
[Black "Leer Salvesen,B"]
[Result "0-1"]
[WhiteElo "2416"]
[BlackElo "2283"]

1.d4 e6 2.c4 d5 3.Nc3 c6 4.e3 Nf6 5.Nf3 Nbd7 6.Bd3 dxc4 7.Bxc4 b5 8.Bd3 a6
9.e4 c5 10.d5 Bb7 11.O-O Qc7 12.Bg5 c4 13.Rc1 Bc5 14.Bb1 Ng4 15.Bh4 Nge5
16.dxe6 fxe6 17.Nxe5 Qxe5 18.Kh1 Nf6 19.Bxf6 gxf6 20.f4 Qc7 21.Qh5+ Ke7 22.Rcd1 Rag8
23.Ne2 Rg7 24.Ng3 Rhg8 25.b3 Bb6 26.bxc4 bxc4 27.e5 f5 28.Rd6 Rg6 29.Rfd1 Bc6
30.R6d2 Kf8 31.Qh4 Qe7 32.Qh5 Qf7 33.Qh4 Qc7 34.Qh5 c3 35.Re2 Kf7 36.Qh4 Qe7
37.Qxe7+ Kxe7 38.Rd6 Rc8 39.Rc2 Bc5 40.Rd1 Ba4  0-1

[Event "Troll Masters"]
[Site "Gausdal NOR"]
[Date "2001.01.07"]
[Round "3"]
[White "Djurhuus,R"]
[Black "Sande,O"]
[Result "1-0"]
[WhiteElo "2491"]
[BlackElo "2295"]

1.d4 Nf6 2.Nf3 d5 3.c4 c6 4.Nc3 e6 5.e3 Bd6 6.Bd3 O-O 7.O-O Nbd7 8.e4 dxe4
9.Nxe4 Nxe4 10.Bxe4 Nf6 11.Bc2 h6 12.Qd3 Qc7 13.b3 b6 14.Re1 Bb7 15.Bb2 Rfe8
16.c5 Be7 17.Ne5 Bf8 18.Ng4 Be7 19.d5 cxd5 20.c6 Qxc6 21.Nxf6+  1-0

[Event "Keres Mem Rapid Women"]
[Site "Tallinn EST"]
[Date "2001.01.07"]
[Round "4"]
[White "Piarnpuu,L"]
[Black "Budylina,S"]
[Result "1/2-1/2"]
[WhiteElo "2227"]
[BlackElo "2076"]

1.d4 d5 2.Nf3 Nf6 3.c4 e6 4.Nc3 c6 5.e3 Be7 6.Bd3 O-O 7.O-O Nbd7 8.e4 dxe4
9.Nxe4 c5 10.Nxf6+ Nxf6 11.dxc5 Bxc5 12.Bg5 h6 13.Bh4 Be7 14.Ne5 Nd7 15.Bg3 Nxe5
16.Bxe5 Bf6 17.Bxf6 Qxf6 18.Qe2 Bd7 19.Qe4 g6 20.Qxb7 Rfd8 21.b3 Rab8 22.Qxa7 Bc6
23.Qe3 Rd4 24.Rad1 Rbd8 25.Be2 Re4 26.Qf3 Qg5 27.Rxd8+ Qxd8 28.Bd3 Rxc4 29.Qe3 Rc3
30.Rd1 Bb5 31.Be2 Qxd1+ 32.Bxd1 Rxe3 33.fxe3  1/2-1/2

[Event "Troll Masters"]
[Site "Gausdal NOR"]
[Date "2001.01.08"]
[Round "5"]
[White "Johansen,Te"]
[Black "Hole,O"]
[Result "1/2-1/2"]
[WhiteElo "2210"]
[BlackElo "2243"]

1.d4 d5 2.c4 c6 3.Nf3 Nf6 4.Nc3 e6 5.e3 Nbd7 6.Qc2 Bd6 7.g4 Bb4 8.Bd2 a5
9.b3 Qe7 10.h3 Bxc3 11.Bxc3 Ne4 12.Bd3 Nxc3 13.Qxc3 O-O 14.O-O  1/2-1/2

[Event "Anibal Open"]
[Site "Anibal Open ESP"]
[Date "2001.01.09"]
[Round "2"]
[White "Maherramzade,J"]
[Black "Turov,M"]
[Result "1/2-1/2"]
[WhiteElo "2433"]
[BlackElo "2539"]

1.d4 Nf6 2.Nf3 d5 3.c4 c6 4.Nc3 e6 5.e3 Nbd7 6.Qc2 Bd6 7.Be2 O-O 8.O-O b6
9.e4 dxe4 10.Nxe4 Nxe4  1/2-1/2

[Event "Anibal Open"]
[Site "Anibal Open ESP"]
[Date "2001.01.09"]
[Round "2"]
[White "Sakaev,K"]
[Black "Ramesh,R"]
[Result "1-0"]
[WhiteElo "2627"]
[BlackElo "2450"]

1.d4 d5 2.c4 c6 3.Nf3 Nf6 4.Nc3 e6 5.e3 Nbd7 6.Qc2 Bd6 7.Bd3 O-O 8.O-O dxc4
9.Bxc4 a5 10.Rd1 b5 11.Be2 Qc7 12.e4 e5 13.g3 Re8 14.a3 exd4 15.Nxd4 Be5
16.Bg5 c5 17.Nf5 Nb6 18.Bf3 Bxf5 19.exf5 Rac8 20.Rac1 h6 21.Bxf6 Bxf6 22.Ne4 Bg5
23.Nxg5 hxg5 24.Qd2 Qe7 25.Re1 Nc4 26.Rxe7 Nxd2 27.Rxe8+ Rxe8 28.Bb7 Nb3
29.Rc3 c4 30.Ba6 Rb8 31.a4 Nd4 32.Kg2 bxa4 33.Rxc4 Nxf5 34.Rc8+ Rxc8 35.Bxc8 Nd6
36.Ba6 Kf8 37.Kf3 Ke7 38.Ke3 Kd7 39.Kd4 Kc6 40.Bd3 f6 41.h3 Nf7 42.Bg6 Nd6
43.h4 gxh4 44.gxh4 Kb6 45.Kd5 Kc7 46.Bc2  1-0

[Event "Anibal Open"]
[Site "Anibal Open ESP"]
[Date "2001.01.10"]
[Round "3"]
[White "Roeder,M"]
[Black "Ibragimov,I"]
[Result "1/2-1/2"]
[WhiteElo "2467"]
[BlackElo "2575"]

1.Nf3 d5 2.c4 c6 3.e3 Nf6 4.Nc3 e6 5.d4 Nbd7 6.Qc2 Bd6 7.Bd3 dxc4 8.Bxc4 O-O
9.O-O a6 10.Rd1 Qe7 11.a3 b5 12.Be2 Bb7 13.e4 e5 14.b4 a5 15.dxe5 Nxe5 16.Nd4 Bb8
17.Nf5 Qe6 18.Nd4 Qe7 19.Nf5 Qe6 20.Nd4  1/2-1/2

[Event "Anibal Open"]
[Site "Anibal Open ESP"]
[Date "2001.01.10"]
[Round "3"]
[White "Milov,V"]
[Black "Dominguez,L"]
[Result "1-0"]
[WhiteElo "2626"]
[BlackElo "2534"]

1.d4 d5 2.c4 c6 3.Nc3 Nf6 4.e3 e6 5.Nf3 Nbd7 6.Bd3 dxc4 7.Bxc4 b5 8.Bd3 Bb7
9.e4 b4 10.Na4 c5 11.e5 Nd5 12.dxc5 Qa5 13.O-O Bxc5 14.Nxc5 Nxc5 15.Bc2 O-O-O
16.Qd4 Kb8 17.Bd2 Qb6 18.Rfc1 h6 19.a3 Nc3 20.Qe3 Nd5 21.Qe1 a5 22.axb4 axb4
23.Nd4 Rc8 24.Nb3 Nxb3 25.Bxb3 Rxc1 26.Bxc1 Rc8 27.Bxd5 Bxd5 28.Be3 Qb5 29.Qd1 Rc4
30.h3 Qc6 31.b3 Re4 32.Rc1 Qa6 33.Qc2 Qb7 34.Qc5  1-0

[Event "1st Integrata GM"]
[Site "Darmstadt GER"]
[Date "2001.01.11"]
[Round "5"]
[White "Ovsejevitsch,S"]
[Black "Savchenko,S"]
[Result "1/2-1/2"]
[WhiteElo "2526"]
[BlackElo "2579"]

1.d4 d5 2.c4 c6 3.Nf3 Nf6 4.Nc3 e6 5.e3 Nbd7 6.Qc2 Bd6 7.Bd3 O-O 8.O-O dxc4
9.Bxc4 a6 10.Rd1 b5 11.Be2 Qc7  1/2-1/2

[Event "1st Integrata GM"]
[Site "Darmstadt GER"]
[Date "2001.01.11"]
[Round "6"]
[White "Ovsejevitsch,S"]
[Black "Grabarczyk,M"]
[Result "1/2-1/2"]
[WhiteElo "2526"]
[BlackElo "2495"]

1.d4 d5 2.c4 c6 3.Nf3 Nf6 4.Nc3 e6 5.e3 Nbd7 6.Qc2 b6 7.Bd3 Bb7 8.O-O Be7
9.b3 Qc7 10.Bb2 Rd8 11.Rad1 h6 12.Ne5 Nxe5 13.dxe5 Ng4 14.Be2 Nxe5 15.f4 Nd7
16.f5 e5 17.cxd5 cxd5 18.Qd2 Nf6 19.Nb5 Qb8 20.Qc3 e4 21.Nc7+ Kf8 22.Nb5 Kg8
23.Qe1 Nd7 24.f6 Bxf6 25.Bxf6 Nxf6 26.Nd4 Re8 27.Qh4 Bc8 28.Bb5  1/2-1/2

[Event "Troll Masters"]
[Site "Gausdal NOR"]
[Date "2001.01.12"]
[Round "9"]
[White "Johannessen,LE"]
[Black "Stenersen,G"]
[Result "1-0"]
[WhiteElo "2416"]
[BlackElo "2163"]

1.d4 d5 2.c4 c6 3.Nf3 Nf6 4.Nc3 e6 5.e3 Nbd7 6.Bd3 Be7 7.O-O O-O 8.b3 a6
9.Bb2 b5 10.c5 Qe8 11.b4 Bd8 12.a4 Bb7 13.Re1 Bc7 14.Qc2 Qb8 15.e4 dxe4 16.Nxe4 Nxe4
17.Rxe4 Nf6 18.Rh4 h6 19.d5 cxd5 20.Bxf6 gxf6 21.Qd2 Bf4 22.Rxf4 Re8 23.Rxf6 Kf8
24.Qxh6+ Ke7 25.Rxf7+ Kd8 26.c6 Bxc6 27.Qf6+ Kc8 28.Rc1 Qd6 29.Ne5 Qxb4 30.Nxc6 Qd2
31.Na7+ Kb8 32.Qe5+  1-0

[Event "Anibal Open"]
[Site "Anibal Open ESP"]
[Date "2001.01.14"]
[Round "7"]
[White "Maherramzade,J"]
[Black "Galkin,A"]
[Result "0-1"]
[WhiteElo "2433"]
[BlackElo "2587"]

1.d4 d5 2.Nf3 Nf6 3.c4 c6 4.Nc3 e6 5.e3 Nbd7 6.Qc2 Bd6 7.Bd3 O-O 8.O-O dxc4
9.Bxc4 a6 10.Rd1 b5 11.Be2 Qc7 12.e4 e5 13.g3 Re8 14.a3 exd4 15.Nxd4 Be5
16.Be3 c5 17.Nf5 Nb6 18.Rac1 Bb7 19.Nd5 Nbxd5 20.exd5 Nxd5 21.Bxc5 Nc3 22.bxc3 Qc6
23.f3 Qxc5+ 24.Kf1 Qxa3 25.Qd2 Qf8 26.Qg5 Bf6 27.Qf4 Re6 28.c4 Rae8 29.Bd3 h6
30.h4 Be5 31.Qg4 Rg6 32.Ne7+ Rxe7 33.Bxg6 fxg6 34.f4 b4 35.c5 Bc3 36.Qxg6 Be4
37.Qxa6 Qf5 38.Qa2+ Kh7  0-1

[Event "XXVI Open"]
[Site "Seville ESP"]
[Date "2001.01.15"]
[Round "4"]
[White "Cifuentes Parada,R"]
[Black "Korneev,O"]
[Result "1/2-1/2"]
[WhiteElo "2496"]
[BlackElo "2600"]

1.d4 d5 2.c4 e6 3.Nf3 Nf6 4.Nc3 c6 5.e3 Nbd7 6.Bd3 dxc4 7.Bxc4 b5 8.Bd3 a6
9.e4 c5 10.e5 cxd4 11.Nxb5 axb5 12.exf6 gxf6 13.O-O Qb6 14.Qe2 Ba6 15.Rd1 Rd8
16.b4 Bxb4 17.Rb1 Bc3 18.Bxb5 Bxb5 19.Rxb5 Qc6 20.Bb2 Rg8 21.g3 Rg4 22.Nxd4 Rxd4
23.Rxd4 Bxd4 24.Bxd4 Ra8 25.Rb4 Qc1+ 26.Kg2 Qc6+ 27.Kg1 Qc1+ 28.Kg2 Qc6+  1/2-1/2

[Event "Anibal Open"]
[Site "Linares ESP"]
[Date "2001.01.16"]
[Round "9"]
[White "Zvjaginsev,V"]
[Black "Potkin,V"]
[Result "1/2-1/2"]
[WhiteElo "2631"]
[BlackElo "2470"]

1.c4 e6 2.Nc3 d5 3.d4 c6 4.e3 Nf6 5.Nf3 Nbd7 6.Qc2 Bd6 7.Bd3 O-O 8.O-O dxc4
9.Bxc4 b5 10.Be2 Bb7 11.Rd1 Qc7 12.b3 a6 13.Ne4 Nxe4 14.Qxe4 c5 15.Qh4 Rfe8
16.Bb2 Be7 17.Qh5 Nf6 18.Qh3 Rac8 19.dxc5 Qxc5 20.Bd3 h6 21.a4 Qb4 22.axb5 Qxb3
23.Rab1 Qa2 24.b6 Ne4 25.Bxe4 Bxe4 26.Qg4 Bg6 27.Bd4 Qd5 28.Ra1 Qb7 29.Ne5 Bc2
30.Rdc1 Bf6 31.Qe2 Bb3 32.Qb2 Bd5 33.f3 Red8 34.e4 Bc4  1/2-1/2

[Event "Trudova Ukraina"]
[Site "Kyiv UKR"]
[Date "2001.01.19"]
[Round "1"]
[White "Kruppa,Y"]
[Black "Zontakh,A"]
[Result "1/2-1/2"]
[WhiteElo "2572"]
[BlackElo "2529"]

1.d4 d5 2.c4 c6 3.Nc3 Nf6 4.e3 e6 5.Nf3 Nbd7 6.Bd3 dxc4 7.Bxc4 b5 8.Bd3 b4
9.Ne4 Be7 10.Nxf6+ Nxf6 11.e4 Bb7 12.Qe2 c5 13.dxc5 O-O 14.c6 Bxc6 15.Ne5 Bb7
16.O-O Rc8  1/2-1/2

[Event "Trudova Ukraina"]
[Site "Kyiv UKR"]
[Date "2001.01.20"]
[Round "2"]
[White "Malakhatko,V"]
[Black "Zontakh,A"]
[Result "1/2-1/2"]
[WhiteElo "2513"]
[BlackElo "2529"]

1.d4 Nf6 2.c4 e6 3.Nf3 d5 4.Nc3 c6 5.e3 Nbd7 6.Qc2 Bd6 7.Bd3 O-O 8.O-O dxc4
9.Bxc4 a6 10.Rd1 b5 11.Be2 Qc7 12.Ne4 Nxe4  1/2-1/2

[Event "TCh-Fin Qualifier"]
[Site "FIN"]
[Date "2001.01.21"]
[Round "1"]
[White "Issakainen,A"]
[Black "Sihvonen,T"]
[Result "1-0"]
[WhiteElo "2216"]
[BlackElo "2140"]

1.d4 d5 2.c4 c6 3.Nf3 Nf6 4.e3 e6 5.Nc3 Nbd7 6.Bd3 dxc4 7.Bxc4 b5 8.Bd3 a6
9.e4 c5 10.e5 cxd4 11.Nxb5 axb5 12.exf6 gxf6 13.O-O Qb6 14.Qe2 e5 15.Rd1 Ba6
16.Nxd4 b4 17.Bxa6 Qxa6 18.Nb5 Qb7 19.Be3 Ra5 20.Rd5 Nc5 21.a4 Ra8 22.Bxc5  1-0

[Event "17th Open"]
[Site "Geneva SUI"]
[Date "2001.01.22"]
[Round "3"]
[White "Epishin,V"]
[Black "Korotylev,A"]
[Result "0-1"]
[WhiteElo "2578"]
[BlackElo "2554"]

1.d4 d5 2.c4 c6 3.Nc3 Nf6 4.Nf3 e6 5.e3 Nbd7 6.Qc2 b6 7.Bd3 Bb7 8.O-O Be7
9.b3 Qc7 10.Re1 O-O 11.e4 dxe4 12.Nxe4 h6 13.Bb2 Nxe4 14.Bxe4 Nf6 15.Rad1 Rad8
16.h3 Nxe4 17.Qxe4 Bf6 18.Ne5 c5 19.Qg4 cxd4 20.Bxd4 Rxd4 21.Qxd4 Rd8 22.Qxd8+ Bxd8
23.Rd7 Qc8 24.Red1 Bf6 25.R1d6 Qc5 26.Nd3 Qa3 27.c5 Be4  0-1

[Event "Open"]
[Site "Ubeda ESP"]
[Date "2001.01.22"]
[Round "2"]
[White "Avrukh,B"]
[Black "Ramesh,R"]
[Result "1-0"]
[WhiteElo "2630"]
[BlackElo "2467"]

1.d4 d5 2.c4 c6 3.Nc3 Nf6 4.e3 e6 5.Nf3 Nbd7 6.Bd3 dxc4 7.Bxc4 b5 8.Bd3 Bb7
9.a3 b4 10.Ne4 a5 11.O-O Be7 12.Nxf6+ Nxf6 13.e4 O-O 14.e5 Nd7 15.Be4 Qb6
16.Bg5 Bxg5 17.Bxh7+ Kxh7 18.Nxg5+ Kg6 19.Qg4 f5 20.Qg3 Qxd4 21.Ne4+ Kf7
22.Rad1  1-0

[Event "Corus Reserve Gp"]
[Site "Wijk aan Zee NED"]
[Date "2001.01.23"]
[Round "7"]
[White "Liang Chong"]
[Black "Maksimenko,A"]
[Result "1/2-1/2"]
[WhiteElo "2581"]
[BlackElo "2498"]

1.d4 d5 2.c4 e6 3.Nc3 c6 4.e3 Nf6 5.Nf3 Nbd7 6.Qc2 Bd6 7.Be2 O-O 8.O-O dxc4
9.Bxc4 b5 10.Be2 Bb7 11.Rd1 Qb8 12.Ne4 Nxe4 13.Qxe4 c5 14.Qh4 cxd4 15.exd4 Bd5
16.Ng5  1/2-1/2

[Event "Corus Reserve Gp"]
[Site "Wijk aan Zee NED"]
[Date "2001.01.26"]
[Round "9"]
[White "Breedveld,A"]
[Black "Dalsberg,S"]
[Result "0-1"]
[WhiteElo "2119"]
[BlackElo "2138"]

1.d4 d5 2.c4 c6 3.Nc3 Nf6 4.e3 e6 5.Nf3 Bd6 6.Ne5 Nbd7 7.f4 O-O 8.c5 Bc7
9.Bd3 Nxe5 10.fxe5 Nd7 11.Qh5 f5 12.exf6 Nxf6 13.Qh4 e5 14.dxe5 Bxe5 15.O-O Be6
16.Bd2 Qe8 17.Rxf6 Rxf6 18.Qxh7+ Kf8 19.Qh8+ Ke7 20.Qxg7+ Qf7 21.Qg5 Bc7
22.Rf1 Rg8 23.Qxf6+ Qxf6 24.Rxf6 Kxf6 25.Ne2 Bf5 26.Bxf5 Kxf5 27.Nc3 Be5
28.h3 d4 29.e4+ Ke6 30.Nd1 Bg3 31.Nf2 Bxf2+ 32.Kxf2 Ke5 33.Kf3 Rf8+ 34.Kg4 Kxe4
35.h4 Rf2  0-1

[Event "It"]
[Site "Bajmok YUG"]
[Date "2001.01.27"]
[Round "2"]
[White "Varga,P"]
[Black "Glavas,D"]
[Result "1-0"]
[WhiteElo "2464"]
[BlackElo "2336"]

1.d4 d5 2.c4 c6 3.Nc3 Nf6 4.e3 e6 5.Nf3 Nbd7 6.Qc2 Bd6 7.Bd2 O-O 8.O-O-O a6
9.e4 dxe4 10.Nxe4 Nxe4 11.Qxe4 Re8 12.Qc2 Qc7 13.Bd3 Nf8 14.c5 Bf4 15.Kb1 Bxd2
16.Rxd2 Re7 17.Ne5 Bd7 18.Nc4 Rd8 19.Re2 Be8 20.Nd6 Rxd6 21.cxd6 Qxd6 22.Qc5 Qd8
23.Rd1 Rd7 24.Be4 f6 25.f4 Bf7 26.g4 f5 27.Bf3 fxg4 28.Bxg4 Rd5 29.Qc1 Qf6
30.h3 Rxd4 31.Rxd4 Qxd4 32.Qd2 Qc4 33.b3 Qb5 34.Re5 Qf1+ 35.Re1 Qb5 36.Kb2 c5
37.Re5 Qc6 38.Re3 b5 39.Rd3 c4 40.Rd8 Qc7 41.Qd6 Qxd6 42.Rxd6 cxb3 43.axb3 a5
44.Rb6 a4 45.b4 Be8 46.Be2 Ng6 47.Bxb5 Bxb5 48.Rxb5 Nxf4 49.Ra5 Kf8 50.Ka3 Ke7
51.Ra7+ Kd6 52.Kxa4 e5 53.Rxg7 e4 54.Rg4 Ke5 55.b5 e3 56.b6 Ne6 57.Kb5 e2
58.Rg1 Nd4+ 59.Kc5 Ne6+ 60.Kc4 Kd6 61.Kb5 Nd4+ 62.Ka6 Nb3 63.b7  1-0

[Event "Elbow Beach Club GMB"]
[Site "Paget Parish BER"]
[Date "2001.01.28"]
[Round "10"]
[White "Alvarez,Joh"]
[Black "Tyomkin,D"]
[Result "1/2-1/2"]
[WhiteElo "2383"]
[BlackElo "2496"]

1.d4 d5 2.c4 c6 3.Nf3 e6 4.e3 Nf6 5.Nc3 Nbd7 6.Bd3 dxc4 7.Bxc4 b5 8.Bb3 b4
9.Ne2 Bb7 10.O-O Be7 11.Ng3 c5 12.Ne5 O-O 13.f4 cxd4 14.exd4 Qb6 15.Rf2 Rad8
16.Qe2 Nd5 17.Qd3 Ba6 18.Qd1 Nxe5 19.fxe5 f5 20.Nh5 g6 21.Bxd5 Rxd5 22.Nf6+ Bxf6
23.exf6 Rxd4 24.Qf3 Rd3 25.Qe2 Rxf6 26.Bh6 Rf7 27.Re1 Rfd7 28.h4 R3d6 29.Qe5 Rd1
30.Rxd1 Rxd1+ 31.Kh2 Qd6 32.Qxd6 Rxd6 33.Rc2 Rd7 34.Rc6 Bb7 35.Rxe6 Kf7 36.Re2 Bd5
37.a3 b3 38.Rd2 Ke6 39.Bf4 a5 40.Kg1 Rb7 41.Kf2 Rb5 42.Rd1 Be4 43.g3 Rc5
44.Rc1 Rc2+ 45.Rxc2 bxc2 46.Ke1 Kd5 47.b3 a4 48.bxa4 Kc4 49.Kd2 Kb3 50.Kc1 Kxa4
51.Kb2 Kb5 52.Kc3  1/2-1/2

[Event "6th HIT Open"]
[Site "Nova Gorica SLO"]
[Date "2001.01.29"]
[Round "5"]
[White "Nedimovic,L"]
[Black "Haznedaroglu,K"]
[Result "0-1"]
[WhiteElo "2186"]
[BlackElo "2357"]

1.d4 d5 2.c4 c6 3.e3 Nf6 4.Nc3 e6 5.Nf3 Nbd7 6.Qc2 Bd6 7.Be2 O-O 8.O-O dxc4
9.Bxc4 e5 10.Be2 Qe7 11.Rd1 Re8 12.b3 e4 13.Nd2 Nb6 14.Nf1 Bf5 15.Bb2 h5
16.Nb1 Rac8 17.a3 h4 18.b4 Nh7 19.Nbd2 Nd5 20.Nc4 Bb8 21.Rac1 Ng5 22.Qd2 Qe6
23.a4 Bh3 24.Ne5 f6 25.Ng6 Bxg2 26.Nxh4 Bxf1 27.Rxf1 Qh3 28.f4 Qxh4  0-1

[Event "It"]
[Site "Bajmok YUG"]
[Date "2001.01.31"]
[Round "6"]
[White "Zegarac,B"]
[Black "Tokovic,S"]
[Result "0-1"]
[WhiteElo "2271"]
[BlackElo "2318"]

1.d4 Nf6 2.c4 e6 3.Nf3 d5 4.Nc3 c6 5.e3 Nbd7 6.Qc2 Bd6 7.b3 a6 8.Be2 O-O
9.O-O b5 10.e4 dxe4 11.Nxe4 Nxe4 12.Qxe4 Qc7 13.c5 Be7 14.Bf4 Qb7 15.Ne5 Nxe5
16.Bxe5 f6 17.Bf4 e5 18.dxe5 fxe5 19.Bxe5 Bxc5 20.Qc2 Qe7 21.Rae1 Bf5 22.Bd3 Bxd3
23.Qxd3 Rad8 24.Qc2 Rd5 25.Bg3 Qg5 26.Re6 Rd2 27.Qe4 Qf5 28.Qe1 Rxa2 29.Re5 Qc2
30.b4 Bd4 31.Re8 Qf5 32.Bd6 Bxf2+ 33.Kh1 h5 34.Rxf8+ Qxf8 35.Bxf8 Bxe1 36.Bc5 Bc3
37.h4 Bf6 38.Rf5 a5 39.Rxh5 a4  0-1

[Event "FSIMA February"]
[Site "Budapest HUN"]
[Date "2001.02.03"]
[Round "13"]
[White "Magyar,O"]
[Black "Xu Hanbing"]
[Result "0-1"]
[WhiteElo "2343"]
[BlackElo "2218"]

1.d4 Nf6 2.c4 e6 3.Nf3 d5 4.Nc3 c6 5.e3 Nbd7 6.Qc2 Bd6 7.b3 O-O 8.Bb2 e5
9.cxd5 cxd5 10.dxe5 Nxe5 11.Be2 Re8 12.O-O Bg4 13.Nd4 Rc8 14.Bb5 Nc6 15.Nxc6 bxc6
16.Ba6 Rc7 17.Bd3 Qe7 18.Na4 Bh5 19.h3 Ne4 20.Rfc1 Qg5 21.Bf1 Bf3 22.Kh1 Re6  0-1

[Event "TCh-FRA"]
[Site "Noyon FRA"]
[Date "2001.02.03"]
[Round "2"]
[White "Karr,JP"]
[Black "Beikert,G"]
[Result "0-1"]
[WhiteElo "2383"]
[BlackElo "2443"]

1.d4 d5 2.c4 c6 3.Nf3 Nf6 4.Nc3 e6 5.e3 Nbd7 6.Qc2 b6 7.Bd3 Bb7 8.O-O Bd6
9.b3 O-O 10.Bb2 Rc8 11.Rac1 c5 12.cxd5 exd5 13.Qe2 Qe7 14.Ba6 Bxa6 15.Qxa6 Bb8
16.Rfd1 Qe6 17.Qd3 c4 18.bxc4 dxc4 19.Qc2 a6 20.e4 Bf4 21.Rb1 b5 22.Ba3 Rfe8
23.Re1 h6 24.h3 Bb8 25.Qd2 Qc6 26.Qc2 Nh5 27.e5 Nf4 28.Qf5 Nd5 29.Ne4 Qe6
30.Qh5 c3 31.Nd6 Nf4 32.Qh4 Bxd6 33.exd6 c2 34.Ra1 Ne2+ 35.Kh1 b4 36.Bb2 Qxd6
37.Ne5 Nxe5 38.Rxe2 Nd3 39.Rxe8+ Rxe8  0-1

[Event "TCh-FRA"]
[Site "Monaco FRA"]
[Date "2001.02.04"]
[Round "3"]
[White "Piket,Je"]
[Black "Bujisho,B"]
[Result "1/2-1/2"]
[WhiteElo "2632"]
[BlackElo "2368"]

1.d4 d5 2.c4 c6 3.Nc3 Nf6 4.Nf3 e6 5.e3 Nbd7 6.Bd3 Bd6 7.e4 dxe4 8.Nxe4 Nxe4
9.Bxe4 h6 10.Bc2 O-O 11.Qd3 f5 12.c5 Bc7 13.Qc4 Kh8 14.O-O e5 15.dxe5 Nxe5
16.Nxe5 Bxe5 17.Bf4 Qd4 18.Qxd4 Bxd4 19.Rad1 Bxb2 20.Rfe1 Bf6 21.h3 b6 22.Rd6 bxc5
23.Rxc6 Bd7 24.Rc7 Rfd8 25.Re3 a6 26.a4 Rac8 27.Ra7 Ra8 28.Rb7 Bc6 29.Rb6 Be4
30.Bxe4 fxe4 31.Rxe4 Rd1+ 32.Kh2 Rd4 33.Rxd4 Bxd4 34.Kg3 c4 35.Rc6 c3 36.Kf3 a5
37.Ke4 Bf6 38.Be3 Re8+ 39.Kd3 Rd8+ 40.Kc2 Bd4 41.Ra6 Bxe3 42.fxe3 Re8 43.Rxa5 Rxe3
44.Rc5 Re2+ 45.Kb3 Rb2+ 46.Ka3 Rxg2 47.Rxc3 Rg1 48.a5 g5 49.Ka4 g4 50.a6 gxh3
51.a7 Rg8 52.Rxh3 Kh7 53.Kb5 Rg5+ 54.Kb4 Rg4+ 55.Kb3 Rg8 56.Rh5 Ra8 57.Ra5 Kg6
58.Kc4 h5 59.Kd5 Kf5 60.Kc6+ Kg4 61.Kb7 Rxa7+ 62.Rxa7 h4 63.Kc6 h3 64.Kd5 h2
65.Rh7 Kg3 66.Ke4 Kg2 67.Rg7+ Kf2 68.Rh7 Kg2  1/2-1/2

[Event "1st Mario Covas"]
[Site "Santos BRA"]
[Date "2001.02.07"]
[Round "10"]
[White "Sega,C"]
[Black "Limp,E"]
[Result "1-0"]
[WhiteElo "2286"]
[BlackElo "2462"]

1.d4 d5 2.Nf3 Nf6 3.c4 c6 4.Nc3 e6 5.e3 Nbd7 6.Qc2 Bd6 7.Be2 O-O 8.O-O dxc4
9.Bxc4 e5 10.a3 Qe7 11.h3 e4 12.Ng5 Nb6 13.Ba2 Bf5 14.f3 Rae8 15.fxe4 Nxe4
16.Nxf7 Nxc3 17.Nxd6+ Nxa2 18.Nxf5 Rxf5 19.Rxf5 Nxc1 20.Re5 Qf7 21.Rxc1 Rxe5
22.dxe5 Qe6 23.Qe4 Nd7 24.Rd1 Nxe5 25.Rd8+ Kf7 26.Qxh7 Qf6 27.Qh5+ g6 28.Qh7+ Ke6
29.Qg8+ Nf7 30.Re8+ Kd7 31.Rf8 Ke7 32.h4 c5 33.g4 Qf3 34.Rxf7+ Qxf7 35.Qxf7+ Kxf7
36.Kf2 Kf6 37.Kf3 Ke5 38.h5  1-0

[Event "ch-ROM"]
[Site "Baile Tusnad ROM"]
[Date "2001.02.08"]
[Round "4"]
[White "Florean,A"]
[Black "Spulber,C"]
[Result "1-0"]
[WhiteElo "2436"]
[BlackElo "2380"]

1.d4 d5 2.Nf3 Nf6 3.c4 c6 4.Nc3 e6 5.e3 Bd6 6.Bd3 Nbd7 7.O-O O-O 8.b3 Qe7
9.Qc2 h6 10.Re1 b6 11.Bb2 Bb7 12.Rac1 Rac8 13.Qe2 Rfd8 14.h3 c5 15.cxd5 exd5
16.Ba6 Bxa6 17.Qxa6 Nb8 18.Qe2 c4 19.bxc4 dxc4 20.e4 Bb4 21.e5 Nd5 22.Nxd5 Rxd5
23.Rxc4 Rcd8 24.Rec1 Ra5 25.Bc3 Bxc3 26.R4xc3 Na6 27.Rc8 Qe8 28.Rxd8 Qxd8
29.e6 fxe6 30.Qxe6+ Kh7 31.Qe4+ Kg8 32.Ne5 Qe8 33.a3 Qf8 34.Ng6 Qd8 35.Rc8  1-0

[Event "12th Goodricke Open"]
[Site "Calcutta IND"]
[Date "2001.02.09"]
[Round "4"]
[White "Shetty,R"]
[Black "Ramesh,R"]
[Result "0-1"]
[WhiteElo "2331"]
[BlackElo "2467"]

1.Nf3 Nf6 2.c4 e6 3.Nc3 d5 4.d4 c6 5.e3 Nbd7 6.Qc2 Bd6 7.Bd3 O-O 8.O-O dxc4
9.Bxc4 a6 10.a3 c5 11.dxc5 Bxc5 12.b4 Be7 13.Bb2 b5 14.Be2 Bb7 15.Rac1 Rc8
16.Qb1 Bd6 17.Rfd1 Qe7 18.h3 h6 19.Nd2 Bb8 20.Nce4 Nxe4 21.Nxe4 f5 22.Nd2 Ne5
23.Qa1 Rxc1 24.Rxc1 Qg5 25.Bf1 f4 26.Re1 f3 27.g3 Nd3 28.Bxd3 Bxg3 29.Kh1 Bxf2
30.Bf1 Qg1+  0-1

[Event "12th Goodricke Open"]
[Site "Calcutta IND"]
[Date "2001.02.09"]
[Round "4"]
[White "Ravi,L"]
[Black "Vladimirov,E"]
[Result "1/2-1/2"]
[WhiteElo "2383"]
[BlackElo "2612"]

1.d4 d5 2.Nf3 Nf6 3.c4 c6 4.Nc3 e6 5.e3 Nbd7 6.Qc2 Bd6 7.Bd3 O-O 8.O-O dxc4
9.Bxc4 b5 10.Bd3 Bb7 11.h3 b4 12.Ne4 Nxe4 13.Bxe4 Nf6 14.Nd2 Qc7 15.Bf3 c5
16.Bxb7 Qxb7 17.Nc4 Be7 18.dxc5 Rfc8 19.b3 Rxc5 20.Bb2 Rg5 21.f4 Rd5 22.e4 Rd7
23.Bxf6 Bxf6 24.e5 Be7 25.Rad1 Rad8 26.Kh2 Rxd1 27.Rxd1 Rxd1 28.Qxd1 Qe4
29.Qd2 g5 30.fxg5 Kg7 31.Qf2 a6 32.h4 Bc5 33.Qxc5  1/2-1/2

[Event "TCh-SVK"]
[Site "SVK"]
[Date "2001.02.10"]
[Round "8"]
[White "Marek,S"]
[Black "Prielozny,S"]
[Result "0-1"]
[WhiteElo "2205"]
[BlackElo "2172"]

1.c4 c6 2.Nc3 d5 3.d4 Nf6 4.e3 e6 5.Nf3 Nbd7 6.Qc2 Bd6 7.Be2 O-O 8.O-O dxc4
9.Bxc4 e5 10.Rd1 Qe7 11.h3 h6 12.a3 Kh8 13.Ba2 e4 14.Nd2 Nb6 15.Ndxe4 Bf5
16.f3 Nbd5 17.Qf2 Nxe4 18.Nxe4 Bxe4 19.fxe4 Qxe4 20.Bb1 Qe6 21.e4 Ne7 22.Rf1 Rad8
23.Bd2 c5 24.Bc3 cxd4 25.Bxd4 Bc7 26.Be3 Ng6 27.g4 Qe5 28.Ra2 Bb6 29.Bxb6 axb6
30.b4 Rd6 31.Qh2 Qd4+ 32.Qf2 Ne5 33.Qxd4 Rxd4 34.Rc2 Rfd8 35.Ba2 R8d7 36.Bd5 Rd3
37.Rc8+ Kh7 38.Kg2 Rxa3 39.Rb8 Rc7 40.Rf2 Rcc3 41.Rxb7 Rg3+ 42.Kf1 Rxh3 43.Rf5 Rh2
44.Kg1 Rb2 45.Rf2 Rxb4 46.Bxf7 Nxg4 47.Re2 Rg3+ 48.Kf1 Rb1+ 49.Re1 Rb2 50.Re2 Nh2+
51.Ke1 Rg1+ 52.Kf2 Rf1+ 53.Ke3 Rf3+  0-1

[Event "TCh-SVK"]
[Site "SVK"]
[Date "2001.02.11"]
[Round "9"]
[White "Markos,J"]
[Black "Varga,P"]
[Result "1-0"]
[WhiteElo "2327"]
[BlackElo "2465"]

1.d4 d5 2.c4 c6 3.Nc3 Nf6 4.e3 e6 5.Nf3 Nbd7 6.Qc2 Be7 7.b3 b6 8.Bd3 Bb7
9.O-O Rc8 10.Bb2 O-O 11.Rfd1 Qc7 12.Rac1 h6 13.Qe2 Qb8 14.e4 dxe4 15.Nxe4 c5
16.dxc5 bxc5 17.Rd2 Qf4 18.Rcd1 Bc6 19.Bc2 Bxe4 20.Bxe4 Qxe4 21.Qxe4 Nxe4
22.Rxd7 Rfd8 23.Kf1 Nf6 24.Bxf6 Bxf6 25.Ke2 Rxd7 26.Rxd7 a6 27.Rd6 a5 28.Ra6 Bc3
29.Nd2 h5 30.Nb1 Be5 31.h3 g5 32.Rxa5 Bd4 33.Na3 g4 34.Nb5 gxh3 35.gxh3 Be5
36.a4 Bf4 37.Ra7 Rd8 38.a5 Rd2+ 39.Kf3 e5 40.a6 Ra2 41.Ra8+ Kg7 42.a7 f5
43.Rc8  1-0

[Event "FSGM February"]
[Site "Budapest HUN"]
[Date "2001.02.12"]
[Round "9"]
[White "Hoang Thanh Trang"]
[Black "Lukacs,P"]
[Result "1/2-1/2"]
[WhiteElo "2465"]
[BlackElo "2459"]

1.d4 d5 2.c4 e6 3.Nc3 c6 4.e3 Nf6 5.Nf3 Nbd7 6.Qc2 Bd6 7.b3 O-O 8.Be2 dxc4
9.bxc4 e5 10.O-O Re8 11.Rd1 exd4 12.exd4 Nf8 13.h3 Ng6 14.Bf1 Qa5 15.d5 cxd5
16.cxd5 Bd7 17.Qb3 Rac8 18.Bb2 a6 19.a4 Rc7 20.Nd2 Qb4 21.Ne2 Qxb3 22.Nxb3 Ne4  1/2-1/2